<?xml version="1.0" encoding="UTF-8"?>
<record
    xmlns:xsi="http://www.w3.org/2001/XMLSchema-instance"
    xsi:schemaLocation="http://www.loc.gov/MARC21/slim http://www.loc.gov/standards/marcxml/schema/MARC21slim.xsd"
    xmlns="http://www.loc.gov/MARC21/slim">

  <leader>01090nam a22001937a 4500</leader>
  <controlfield tag="008">120815t        xxu||||| |||| 00| 0 eng d</controlfield>
  <datafield tag="020" ind1=" " ind2=" ">
    <subfield code="a">0072557435</subfield>
  </datafield>
  <datafield tag="050" ind1=" " ind2=" ">
    <subfield code="a">RM316.R39</subfield>
  </datafield>
  <datafield tag="100" ind1=" " ind2=" ">
    <subfield code="a">Ray, Oakley</subfield>
  </datafield>
  <datafield tag="245" ind1=" " ind2=" ">
    <subfield code="a">Drugs, society and human behavior. /</subfield>
    <subfield code="c">Oakley Ray and Charles Ksir</subfield>
  </datafield>
  <datafield tag="250" ind1=" " ind2=" ">
    <subfield code="a">10th ed.</subfield>
  </datafield>
  <datafield tag="260" ind1=" " ind2=" ">
    <subfield code="a">Boston:</subfield>
    <subfield code="b">McGraw Hill,</subfield>
    <subfield code="c">c2004.</subfield>
  </datafield>
  <datafield tag="300" ind1=" " ind2=" ">
    <subfield code="a">xviii, 494 p.:</subfield>
    <subfield code="b">ill.;</subfield>
    <subfield code="c">23cm.</subfield>
  </datafield>
  <datafield tag="500" ind1=" " ind2=" ">
    <subfield code="a">Includes index.</subfield>
  </datafield>
  <datafield tag="505" ind1=" " ind2=" ">
    <subfield code="a">Contents: Drug use in modern society: Drug use: an overview -- Drug use as a social problem -- Addictions: theory and treatment -- Preventing substance abuse -- Drug regularitions -- How drugs work: The Nervous system -- The Actions of drugs -- Uppers and downers: Stimulants -- Depressants and inhalants -- Psychotherapeutic drugs -- Alcohol: Alcohol in the body -- Alcohol and society -- Familiar drugs: Tobacco -- Caffeine -- Over-the-counter drugs -- Restricted drugs: Opioids -- Hallucinogens -- Marijuana and hashish -- Steroids and other drugs in sport -- Appendixes.</subfield>
  </datafield>
  <datafield tag="650" ind1=" " ind2=" ">
    <subfield code="b">Drug abuse.</subfield>
  </datafield>
  <datafield tag="700" ind1=" " ind2=" ">
    <subfield code="a">Ksir, Charles</subfield>
  </datafield>
  <datafield tag="942" ind1=" " ind2=" ">
    <subfield code="2">lcc</subfield>
    <subfield code="c">BK</subfield>
  </datafield>
  <datafield tag="999" ind1=" " ind2=" ">
    <subfield code="c">2030</subfield>
    <subfield code="d">9530</subfield>
  </datafield>
  <datafield tag="952" ind1=" " ind2=" ">
    <subfield code="0">0</subfield>
    <subfield code="1">0</subfield>
    <subfield code="2">lcc</subfield>
    <subfield code="4">0</subfield>
    <subfield code="7">0</subfield>
    <subfield code="a">WIUC-1</subfield>
    <subfield code="b">WIUC-1</subfield>
    <subfield code="c">GEN</subfield>
    <subfield code="d">2012-08-15</subfield>
    <subfield code="l">0</subfield>
    <subfield code="o">RM316.R39</subfield>
    <subfield code="p">6025/12</subfield>
    <subfield code="r">2012-08-15 00:00:00</subfield>
    <subfield code="t">1</subfield>
    <subfield code="w">2012-08-15</subfield>
    <subfield code="y">BK</subfield>
  </datafield>
  <datafield tag="952" ind1=" " ind2=" ">
    <subfield code="0">0</subfield>
    <subfield code="1">0</subfield>
    <subfield code="2">lcc</subfield>
    <subfield code="4">0</subfield>
    <subfield code="7">0</subfield>
    <subfield code="a">WIUC-1</subfield>
    <subfield code="b">WIUC-1</subfield>
    <subfield code="c">GEN</subfield>
    <subfield code="d">2012-08-15</subfield>
    <subfield code="l">0</subfield>
    <subfield code="o">RM316.R391</subfield>
    <subfield code="p">6026/12</subfield>
    <subfield code="r">2012-08-15 00:00:00</subfield>
    <subfield code="t">2</subfield>
    <subfield code="w">2012-08-15</subfield>
    <subfield code="y">BK</subfield>
  </datafield>
  <datafield tag="952" ind1=" " ind2=" ">
    <subfield code="0">0</subfield>
    <subfield code="1">0</subfield>
    <subfield code="2">lcc</subfield>
    <subfield code="4">0</subfield>
    <subfield code="7">0</subfield>
    <subfield code="a">WIUC-1</subfield>
    <subfield code="b">WIUC-1</subfield>
    <subfield code="c">GEN</subfield>
    <subfield code="d">2012-08-15</subfield>
    <subfield code="l">0</subfield>
    <subfield code="o">RM316.R392</subfield>
    <subfield code="p">6027/12</subfield>
    <subfield code="r">2012-08-15 00:00:00</subfield>
    <subfield code="t">3</subfield>
    <subfield code="w">2012-08-15</subfield>
    <subfield code="y">BK</subfield>
  </datafield>
</record>
